[Event "Lliga Catalana DH"]
[Site "?"]
[Date "2015.03.07"]
[Round "7.3"]
[White "Cuadras Avellana, J."]
[Black "Vidarte Morales, A."]
[Result "1/2-1/2"]
[WhiteElo "2357"]
[BlackElo "2444"]
[PlyCount "74"]
[EventDate "2015.??.??"]
[EventType "team"]

1. e4 c5 2. Nf3 g6 3. d4 cxd4 4. Nxd4 Bg7 5. Nc3 Nc6 6. Be3 Nf6 7. Bc4 O-O 8.
Bb3 d6 9. h3 Bd7 10. O-O Rc8 11. Re1 Ne5 12. Qe2 Rxc3 13. bxc3 Nxe4 14. f3 Nxc3
15. Qd2 Nb5 16. Nxb5 Bxb5 17. Bh6 a5 18. Bxg7 Kxg7 19. a4 Bc6 20. Qd4 Kg8 21.
Re3 Bd7 22. Rd1 Nc6 23. Qh4 Qb6 24. Qf2 Qc7 25. Qd2 Rd8 26. Re4 e5 27. Qh6 Be6
28. Rh4 Bxb3 29. Qxh7+ Kf8 30. cxb3 Qb6+ 31. Kh2 Qxb3 32. Qh6+ Ke7 33. Qd2 Qe6
34. Rb1 Nb4 35. Rc1 Nc6 36. Rb1 Nb4 37. Rc1 Nc6 1/2-1/2

[Event "Lliga Catalana DH"]
[Site "?"]
[Date "2015.03.07"]
[Round "7.4"]
[White "Vehi Bach, VM."]
[Black "Vives Esmerat, J."]
[Result "1-0"]
[WhiteElo "2414"]
[BlackElo "2370"]
[PlyCount "43"]
[EventDate "2015.??.??"]
[EventType "team"]

1. d4 g6 2. e4 Bg7 3. Nc3 d6 4. Be3 Nc6 5. Qd2 e5 6. Nge2 f5 7. exf5 Bxf5 8.
O-O-O Nf6 9. f3 O-O 10. g4 Bd7 11. h4 e4 12. g5 exf3 13. gxf6 fxe2 14. Bxe2
Bxf6 15. Bc4+ Kh8 16. Ne4 Bg4 17. Rdf1 Bf5 18. Nxf6 Qxf6 19. h5 Qe7 20. Bh6
Rfe8 21. hxg6 Bxg6 22. Bg5 1-0

[Event "Lliga Catalana DH"]
[Site "?"]
[Date "2015.03.07"]
[Round "7.5"]
[White "Pinsach Gelabert, A."]
[Black "Gonzalez Rodriguez, RO."]
[Result "0-1"]
[WhiteElo "2314"]
[BlackElo "2320"]
[PlyCount "72"]
[EventDate "2015.??.??"]
[EventType "team"]

1. e4 c5 2. Nf3 d6 3. Nc3 Nf6 4. e5 dxe5 5. Nxe5 a6 6. g3 e6 7. Bg2 Be7 8. O-O
O-O 9. d3 Nbd7 10. Nc4 Nb6 11. Qe2 Nbd5 12. a4 a5 13. Rd1 b6 14. Nb5 Bb7 15. d4
Rc8 16. dxc5 Bxc5 17. Bg5 Ba8 18. Ne5 h6 19. Bxf6 Qxf6 20. Nd7 Qxf2+ 21. Qxf2
Bxf2+ 22. Kxf2 Rxc2+ 23. Kg1 Rfc8 24. Be4 Rxb2 25. Rac1 Re8 26. Nd6 Rd8 27. Rc8
Rxc8 28. Nxc8 Nc3 29. Ne7+ Kh8 30. Ne5 Bxe4 31. Rd8+ Kh7 32. Nd7 h5 33. h4 Ne2+
34. Kf1 Nxg3+ 35. Ke1 g5 36. Rg8 gxh4 0-1

[Event "Lliga Catalana DH"]
[Site "?"]
[Date "2015.03.07"]
[Round "7.6"]
[White "Fernandez Cazorla, A."]
[Black "Rocabert Andreu, G."]
[Result "0-1"]
[WhiteElo "2322"]
[BlackElo "2297"]
[PlyCount "56"]
[EventDate "2015.??.??"]
[EventType "team"]

1. Nf3 d5 2. d4 c6 3. g3 Nf6 4. Bg2 Bf5 5. O-O h6 6. c4 e6 7. Nc3 Nbd7 8. Nd2
Be7 9. e4 dxe4 10. Ndxe4 O-O 11. Bf4 Nxe4 12. Nxe4 Nf6 13. Nc3 Bd6 14. Qd2 Bxf4
15. Qxf4 Bd3 16. b3 Bxf1 17. Bxf1 Qa5 18. Qe3 Rad8 19. h3 Rd7 20. Ne2 Rfd8 21.
Bg2 Qa3 22. Qc3 c5 23. dxc5 Qxc5 24. b4 Rd1+ 25. Rxd1 Rxd1+ 26. Bf1 Qf5 27. g4
Qb1 28. Ng3 Ne4 0-1

[Event "Lliga Catalana DH"]
[Site "?"]
[Date "2015.03.07"]
[Round "7.7"]
[White "Pijuan Herranz, M."]
[Black "Asensio Liñan, T."]
[Result "1/2-1/2"]
[WhiteElo "2302"]
[BlackElo "2254"]
[PlyCount "20"]
[EventDate "2015.??.??"]
[EventType "team"]

1. d4 d5 2. Nf3 e6 3. c4 Nf6 4. g3 Bb4+ 5. Bd2 Be7 6. Bg2 Ne4 7. O-O O-O 8. Ne5
c6 9. Qb3 Nxd2 10. Nxd2 Bf6 1/2-1/2

[Event "Lliga Catalana DH"]
[Site "?"]
[Date "2015.03.07"]
[Round "7.8"]
[White "Soler Rionegro, A."]
[Black "Serra Pages, J."]
[Result "0-1"]
[WhiteElo "2058"]
[BlackElo "2291"]
[PlyCount "40"]
[EventDate "2015.??.??"]
[EventType "team"]

1. e4 e5 2. Nf3 Nc6 3. Bc4 Nf6 4. O-O Nxe4 5. Bd5 Nf6 6. Bxc6 dxc6 7. Nxe5 Be7
8. d3 O-O 9. h3 Nd5 10. Nd2 f6 11. Ng4 Be6 12. Ne4 a5 13. a3 b5 14. Ne3 Re8 15.
Re1 Qd7 16. Nxd5 cxd5 17. Ng3 c5 18. d4 c4 19. Bd2 Qc6 20. Bc3 Bd6 0-1

[Event "Lliga Catalana DH"]
[Site "?"]
[Date "2015.03.07"]
[Round "7.9"]
[White "Casanellas Ruano, L."]
[Black "Gil Gil, A."]
[Result "1-0"]
[WhiteElo "2272"]
[BlackElo "1981"]
[PlyCount "43"]
[EventDate "2015.??.??"]
[EventType "team"]

1. d4 d5 2. c4 c6 3. Nf3 Nf6 4. Nc3 dxc4 5. a4 Nd5 6. Bd2 Bf5 7. Nh4 Bd7 8. g3
Na6 9. e4 Ndb4 10. Bxc4 b5 11. axb5 cxb5 12. Nxb5 Qb6 13. Bxb4 Nxb4 14. Na3 Nc6
15. Nf3 e5 16. O-O exd4 17. Nb5 Bg4 18. Ra6 Qb7 19. Bd5 Rc8 20. Rxc6 Rxc6 21.
Nbxd4 Ke7 22. Nxc6+ 1-0

[Event "Lliga Catalana DH"]
[Site "?"]
[Date "2015.03.07"]
[Round "7.10"]
[White "Sole Bove, J."]
[Black "Colls Gelaberto, E."]
[Result "0-1"]
[WhiteElo "2007"]
[BlackElo "2238"]
[PlyCount "98"]
[EventDate "2015.??.??"]
[EventType "team"]

1. d4 Nf6 2. c4 g6 3. Nc3 Bg7 4. e4 d6 5. Nf3 O-O 6. Be2 Na6 7. O-O e5 8. dxe5
dxe5 9. Qxd8 Rxd8 10. Bg5 Re8 11. h3 c6 12. Kh2 Nc5 13. Nd2 Ne6 14. Bxf6 Bxf6
15. Bg4 Nd4 16. g3 Rd8 17. Rad1 Be6 18. Bxe6 fxe6 19. Kg2 Rd7 20. Nb3 Rad8 21.
Nc5 Re7 22. Ne2 b6 23. Nxd4 exd4 24. Nd3 c5 25. b3 Rf7 26. f4 Bg7 27. Rf3 a6
28. a4 Bf8 29. Rdf1 Bd6 30. g4 b5 31. e5 Be7 32. axb5 axb5 33. Ra1 bxc4 34.
bxc4 Bf8 35. Ra6 Re8 36. Rc6 Rd7 37. Rf2 Kf7 38. Kf3 Ra7 39. Ke4 Rd8 40. Rb2
Ra4 41. Rc7+ Kg8 42. Rc2 Ra3 43. f5 exf5+ 44. gxf5 gxf5+ 45. Kxf5 Rxd3 46. Rg2+
Kh8 47. e6 Rf3+ 48. Kg5 Re8 49. Re2 d3 0-1

[Event "Lliga Catalana DH"]
[Site "?"]
[Date "2015.03.07"]
[Round "7.1"]
[White "Narciso Dublan, M."]
[Black "Guerra Mendez, JA."]
[Result "1/2-1/2"]
[WhiteElo "2520"]
[BlackElo "2523"]
[PlyCount "78"]
[EventDate "2015.??.??"]
[EventType "team"]

1. d4 Nf6 2. c4 e6 3. Nc3 Bb4 4. Qc2 O-O 5. Nf3 b6 6. e4 d5 7. e5 Ne4 8. Bd3
Bb7 9. cxd5 exd5 10. O-O Bxc3 11. bxc3 h6 12. Nd2 Nxd2 13. Bxd2 c5 14. Rae1
cxd4 15. cxd4 Nc6 16. Re3 Nxd4 17. Qd1 Bc8 18. Rg3 Qh4 19. f4 Bf5 20. Qe1 Qh5
21. Qf2 Bxd3 22. Rxd3 Nf5 23. h3 Qg6 24. g4 d4 25. Rd1 Rac8 26. Kh2 Ne3 27.
Bxe3 dxe3 28. Qxe3 Rc4 29. Kg3 Qc6 30. Rd8 Rc3 31. Rxf8+ Kxf8 32. Rd3 Rxd3 33.
Qxd3 Ke8 34. f5 Qc5 35. Qe4 Qa3+ 36. Kh4 Qe7+ 37. Kg3 Qa3+ 38. Kh4 Qe7+ 39. Kg3
Qa3+ 1/2-1/2

[Event "Lliga Catalana DH"]
[Site "?"]
[Date "2015.03.07"]
[Round "7.2"]
[White "Oratovsky, M."]
[Black "Romero Holmes, A."]
[Result "1/2-1/2"]
[WhiteElo "2530"]
[BlackElo "2540"]
[PlyCount "38"]
[EventDate "2015.??.??"]
[EventType "team"]

1. e4 e6 2. d4 d5 3. Nd2 c5 4. Ngf3 Nc6 5. Bb5 Bd6 6. dxc5 Bxc5 7. Nb3 Bb6 8.
exd5 exd5 9. O-O Nge7 10. Bg5 f6 11. Bf4 O-O 12. c4 Bg4 13. h3 Bh5 14. Bxc6
bxc6 15. c5 Bc7 16. Bxc7 Qxc7 17. Nbd4 Rfe8 18. Re1 Rab8 19. Qd2 Bxf3 1/2-1/2

[Event "Lliga Catalana DH"]
[Site "?"]
[Date "2015.03.07"]
[Round "7.3"]
[White "Gual Pascual, A."]
[Black "Hernando Rodrigo, JA."]
[Result "1-0"]
[WhiteElo "2511"]
[BlackElo "2400"]
[PlyCount "137"]
[EventDate "2015.??.??"]
[EventType "team"]

1. c4 e6 2. g3 d5 3. Bg2 d4 4. Nf3 Nc6 5. O-O e5 6. d3 Nf6 7. Na3 Be7 8. Nc2
O-O 9. a3 a5 10. b3 h6 11. Bb2 Re8 12. Qd2 Bf8 13. b4 Bg4 14. b5 Nb8 15. e3
dxe3 16. Nxe3 Nbd7 17. Nxg4 Nxg4 18. h3 Ngf6 19. Qc2 c6 20. bxc6 bxc6 21. Rfe1
Qc7 22. Re2 Bc5 23. Nxe5 Bxf2+ 24. Kxf2 Nxe5 25. Rae1 Ned7 26. Rxe8+ Rxe8 27.
Rxe8+ Nxe8 28. Bc3 Nd6 29. Qd2 Nc5 30. Qe3 Ne6 31. Kg1 Nf5 32. Qe5 Qb6+ 33. Kh2
Qf2 34. Be1 Qc5 35. Qxc5 Nxc5 36. Bxa5 Nb3 37. Bc3 Nfd4 38. a4 Ne2 39. a5 Nxc3
40. a6 Na4 41. a7 Nb6 42. Bxc6 Kf8 43. d4 Nxd4 44. c5 Na8 45. Bxa8 Nb5 46. Kg2
Nxa7 47. Kf3 Ke7 48. Ke4 Nb5 49. Bb7 Nc7 50. h4 g6 51. Kd4 Ke6 52. Be4 f5 53.
Bd3 Kf6 54. c6 g5 55. hxg5+ hxg5 56. Kc5 f4 57. gxf4 gxf4 58. Kd6 Na8 59. Be4
Kg5 60. Kd7 Kg4 61. Kc8 Nb6+ 62. Kb7 Nc4 63. c7 Nd6+ 64. Kc6 Nc8 65. Bd5 Kf5
66. Bf3 Ke5 67. Bh5 Ke4 68. Bg4 Ne7+ 69. Kd6 1-0

[Event "Lliga Catalana DH"]
[Site "?"]
[Date "2015.03.07"]
[Round "7.4"]
[White "Escandell Mari, JC."]
[Black "Bofill Mas, A."]
[Result "1/2-1/2"]
[WhiteElo "2386"]
[BlackElo "2437"]
[PlyCount "82"]
[EventDate "2015.??.??"]
[EventType "team"]

1. e4 c5 2. Nf3 e6 3. d4 cxd4 4. Nxd4 Nf6 5. Nc3 d6 6. Be3 a6 7. f3 b5 8. Qd2
Bb7 9. g4 Nfd7 10. Qf2 Ne5 11. g5 Nbd7 12. a4 b4 13. Nb1 d5 14. exd5 Bxd5 15.
Nd2 Ng4 16. Qg1 Nxe3 17. Qxe3 Bc5 18. Ne4 Bxe4 19. Qxe4 Bxd4 20. Qxd4 Qxg5 21.
Qxb4 Qe3+ 22. Be2 Rb8 23. Qd2 Qe5 24. Rd1 Nf6 25. Qd6 Qxd6 26. Rxd6 Rxb2 27.
Rxa6 O-O 28. Kd2 Rc8 29. Bc4 Nd5 30. Kc1 Rb4 31. Bxd5 exd5 32. Rd1 Rbc4 33. Rd2
g6 34. a5 R8c5 35. Rd6 Rxa5 36. R6xd5 Ra1+ 37. Kb2 Rf1 38. R5d3 Kg7 39. Kb3 Rf4
40. c4 Rb1+ 41. Kc2 Rb4 1/2-1/2

[Event "Lliga Catalana DH"]
[Site "?"]
[Date "2015.03.07"]
[Round "7.5"]
[White "Aranaz Murillo, A."]
[Black "Bru Rullo, L."]
[Result "0-1"]
[WhiteElo "2344"]
[BlackElo "2140"]
[PlyCount "102"]
[EventDate "2015.??.??"]
[EventType "team"]

1. Nf3 Nf6 2. c4 e6 3. g3 b6 4. Bg2 Bb7 5. O-O c5 6. Nc3 Be7 7. Re1 Ne4 8. Nxe4
Bxe4 9. d3 Bb7 10. e4 d6 11. d4 cxd4 12. Nxd4 a6 13. Be3 Qc7 14. Rc1 Nd7 15. f4
O-O 16. Bf2 Rfe8 17. b3 Rad8 18. Ne2 Qb8 19. Nc3 Qa8 20. Qe2 Bc6 21. g4 Bf8 22.
Rcd1 Qb7 23. b4 Qc7 24. Rc1 Ba8 25. a3 Be7 26. Red1 Rc8 27. Na2 Qb8 28. g5 Nf8
29. Be3 Bd8 30. h4 Bc7 31. Rf1 d5 32. cxd5 exd5 33. e5 Red8 34. Bh3 d4 35. Bd2
Qb7 36. Bg2 Qa7 37. Bxa8 Qxa8 38. Qd3 Qd5 39. Rc2 Bb8 40. Rfc1 Rxc2 41. Rxc2
Ng6 42. h5 Nh4 43. Bc1 Qf3 44. Qxf3 Nxf3+ 45. Kf2 d3 46. Rd2 Nxd2 47. Bxd2 f6
48. exf6 gxf6 49. Nc3 fxg5 50. fxg5 Rf8+ 51. Ke3 Bf4+ 0-1

[Event "Lliga Catalana DH"]
[Site "?"]
[Date "2015.03.07"]
[Round "7.6"]
[White "Castellet Giralt, G."]
[Black "Ramirez Garcia, JA."]
[Result "1/2-1/2"]
[WhiteElo "2286"]
[BlackElo "2344"]
[PlyCount "88"]
[EventDate "2015.??.??"]
[EventType "team"]

1. d4 e6 2. c4 d5 3. Nc3 a6 4. cxd5 exd5 5. Bf4 c6 6. e3 Bd6 7. Bxd6 Qxd6 8.
Bd3 Ne7 9. Qc2 g6 10. Nge2 Bf5 11. Bxf5 Nxf5 12. e4 dxe4 13. Nxe4 Qb4+ 14. Qc3
Qxc3+ 15. bxc3 Ke7 16. O-O Nd6 17. Rfe1 Nxe4 18. Ng3 Nd7 19. Nxe4 b6 20. Rab1
Rhe8 21. Kf1 Kf8 22. Nd6 Rxe1+ 23. Kxe1 Ke7 24. Nc4 b5 25. Ne3 Nb6 26. Kd2 Re8
27. Kd3 Kd6 28. Rc1 Nd5 29. g3 h5 30. h4 Re7 31. a3 Nf6 32. f3 Nd5 33. Ng2 Nb6
34. Ne3 a5 35. g4 Re6 36. g5 Nd5 37. Nxd5 Kxd5 38. Ra1 a4 39. Rg1 Re7 40. Rf1
Re6 41. Rg1 Kd6 42. Rc1 Kd5 43. Rg1 Re8 44. Rf1 Re6 1/2-1/2

[Event "Lliga Catalana DH"]
[Site "?"]
[Date "2015.03.07"]
[Round "7.7"]
[White "Avila Jimenez, X."]
[Black "Garcia Acosta, R."]
[Result "1/2-1/2"]
[WhiteElo "2308"]
[BlackElo "2216"]
[PlyCount "72"]
[EventDate "2015.??.??"]
[EventType "team"]

1. d4 d5 2. c4 e6 3. Nc3 Be7 4. cxd5 exd5 5. Bf4 Nf6 6. e3 O-O 7. Bd3 b6 8.
Nge2 Be6 9. Rc1 c5 10. Nb5 Nc6 11. Nc7 c4 12. Bb1 Rc8 13. Nxe6 fxe6 14. O-O b5
15. f3 Bd6 16. Bxd6 Qxd6 17. f4 Ne7 18. Ng3 a5 19. Nh5 Nf5 20. Nxf6+ Rxf6 21.
Qd2 Qb6 22. Rf2 Rff8 23. g4 Nd6 24. Rcf1 b4 25. Rg2 c3 26. Qd3 Ne4 27. b3 Rc7
28. Bc2 Rcf7 29. h4 Qc7 30. Rf3 Qb7 31. Rh3 Qc7 32. Qe2 Qc6 33. Qd3 Qc7 34. g5
Rf5 35. h5 Qc6 36. Qe2 Rc8 1/2-1/2

[Event "Lliga Catalana DH"]
[Site "?"]
[Date "2015.03.07"]
[Round "7.8"]
[White "Valencia Jimenez, J."]
[Black "Lopez Agustench, E."]
[Result "1/2-1/2"]
[WhiteElo "2185"]
[BlackElo "2328"]
[PlyCount "95"]
[EventDate "2015.??.??"]
[EventType "team"]

1. d4 d5 2. c4 e6 3. cxd5 exd5 4. Nc3 c6 5. Qc2 g6 6. Bf4 Bf5 7. Qd2 Nf6 8. e3
Bg7 9. Nge2 Nbd7 10. Ng3 Be6 11. Bd6 Nb6 12. Ba3 h5 13. Bd3 Nc8 14. O-O Nd6 15.
f3 h4 16. Nge2 Bh6 17. Nf4 Bxf4 18. exf4 Qd7 19. Rfe1 O-O-O 20. Na4 Bf5 21.
Bxd6 Qxd6 22. Bxf5+ gxf5 23. Re5 Nd7 24. Ree1 Kb8 25. b4 Rde8 26. Nc5 Nb6 27.
Nd3 f6 28. Rxe8+ Rxe8 29. Re1 Re7 30. h3 Nc4 31. Qf2 Rh7 32. Qe2 Qd8 33. Qe6
Nd6 34. Kf2 Kc7 35. Nc5 b6 36. Nd3 Rf7 37. b5 Qd7 38. bxc6 Qxe6 39. Rxe6 Kxc6
40. Nb4+ Kd7 41. Re1 Nb5 42. Nxd5 Kd6 43. Ne3 Nxd4 44. Rd1 Kc5 45. Rc1+ Kb5 46.
Rd1 Kc5 47. Rc1+ Kb5 48. Rd1 1/2-1/2

[Event "Lliga Catalana DH"]
[Site "?"]
[Date "2015.03.07"]
[Round "7.9"]
[White "Moreno Garcia, EP."]
[Black "Comallonga Fernandez, J."]
[Result "1/2-1/2"]
[WhiteElo "2132"]
[BlackElo "2166"]
[PlyCount "122"]
[EventDate "2015.??.??"]
[EventType "team"]

1. d4 Nf6 2. Bg5 Ne4 3. h4 d5 4. e3 c5 5. dxc5 Qa5+ 6. c3 Qxc5 7. Qd4 Nc6 8.
Qxc5 Nxc5 9. Nd2 Bf5 10. Ngf3 e5 11. h5 f6 12. Bh4 Na4 13. c4 dxc4 14. e4 Be6
15. Bxc4 Bxc4 16. Nxc4 Bb4+ 17. Ke2 O-O-O 18. Rac1 Kb8 19. a3 Be7 20. b4 a6 21.
Ne3 Rd7 22. Nd5 Rc8 23. Bg3 Bd8 24. Rhd1 Nb6 25. Nxb6 Rxd1 26. Rxd1 Bxb6 27.
Rd7 Rc7 28. Rd6 Rf7 29. Nh4 Kc7 30. Rd5 Nd4+ 31. Kd3 Ne6 32. Kc4 Kc6 33. Nf5
Bc7 34. a4 g6 35. b5+ axb5+ 36. axb5+ Kb6 37. Nd6 Rf8 38. Kb4 Rd8 39. Nc4+ Ka7
40. hxg6 hxg6 41. f3 b6 42. Rxd8 Bxd8 43. Ne3 Kb7 44. Nd5 Nf8 45. Kc4 Nd7 46.
Bh4 Kc8 47. g4 g5 48. Be1 Nf8 49. Bf2 Kb7 50. Nc3 Ng6 51. Kd5 Nh4 52. Ke6 Kc8
53. Nd5 Nxf3 54. Nxf6 Nd4+ 55. Kxe5 Nxb5 56. Kf5 Nd6+ 57. Ke6 Kc7 58. Nd5+ Kc6
59. Bxb6 Bxb6 60. Nxb6 Nxe4 61. Nc4 Nf2 1/2-1/2

[Event "Lliga Catalana DH"]
[Site "?"]
[Date "2015.03.07"]
[Round "7.10"]
[White "Garcia Valero, M."]
[Black "Reverdy, MF."]
[Result "1/2-1/2"]
[WhiteElo "2025"]
[BlackElo "1788"]
[PlyCount "78"]
[EventDate "2015.??.??"]
[EventType "team"]

1. e4 c5 2. Nf3 g6 3. d4 cxd4 4. c3 Bg7 5. cxd4 d5 6. e5 Nc6 7. Nc3 Bg4 8. h3
Bxf3 9. gxf3 Nh6 10. Bxh6 Bxh6 11. h4 e6 12. Bb5 Qb6 13. Qd3 a6 14. Ba4 Ke7 15.
Rd1 Rac8 16. h5 Qa5 17. a3 b5 18. Bb3 b4 19. axb4 Nxb4 20. Qe2 Nc6 21. Kf1 Bf4
22. h6 Rc7 23. Kg2 Nb4 24. Ra1 Qb6 25. Qd1 Rb8 26. Ra3 Nc6 27. Ne2 g5 28. Qd3
f5 29. Rh5 Nb4 30. Qd1 Rg8 31. Rh1 Qb8 32. Qe1 Rg6 33. Nc3 g4 34. Bxd5 gxf3+
35. Kxf3 Nxd5 36. Nxd5+ exd5 37. Kxf4 Qxb2 38. Qe3 Qc2 39. Rh4 Qe4+ 1/2-1/2

[Event "Lliga Catalana DH"]
[Site "?"]
[Date "2015.03.07"]
[Round "7.1"]
[White "Movsziszian, K."]
[Black "Valdes Romero, L."]
[Result "1-0"]
[WhiteElo "2513"]
[BlackElo "2472"]
[PlyCount "93"]
[EventDate "2015.??.??"]
[EventType "team"]

1. g3 Nf6 2. Bg2 g6 3. d4 Bg7 4. e4 d6 5. Nc3 O-O 6. Nge2 e5 7. h3 Nc6 8. Be3
exd4 9. Nxd4 Bd7 10. O-O Re8 11. Re1 a6 12. a4 Nb4 13. Qd2 c5 14. Nb3 Bc6 15.
Bf4 Nd7 16. Bxd6 Ne5 17. Bxe5 Qxd2 18. Nxd2 Bxe5 19. Rec1 Rad8 20. Nc4 Bg7 21.
a5 Bh6 22. f4 g5 23. Ne3 gxf4 24. Nf5 Bg5 25. h4 f3 26. hxg5 fxg2 27. Kxg2 Rxe4
28. Nh6+ Kg7 29. Nxe4 Bxe4+ 30. Kh3 Bxc2 31. Ra3 Rd5 32. Rf3 Rxg5 33. Nxf7 Rh5+
34. Kg4 Rd5 35. Ng5 Re5 36. Rcf1 Nd5 37. Kh4 Bg6 38. g4 Ne3 39. R1f2 h6 40. Nh3
h5 41. Re2 Nxg4 42. Rxe5 Nxe5 43. Rb3 Be4 44. Re3 Ng6+ 45. Kxh5 Bc6 46. Rg3 Be8
47. Nf4 1-0

[Event "Lliga Catalana DH"]
[Site "?"]
[Date "2015.03.07"]
[Round "7.2"]
[White "Garriga Cazorla, P."]
[Black "Gonzalez Perez, A."]
[Result "1/2-1/2"]
[WhiteElo "2416"]
[BlackElo "2527"]
[PlyCount "126"]
[EventDate "2015.??.??"]
[EventType "team"]

1. d4 d5 2. c4 c6 3. Nf3 Nf6 4. Nc3 e6 5. Bg5 Nbd7 6. e3 Qa5 7. Nd2 Bb4 8. Qc2
c5 9. dxc5 Qxc5 10. Nb3 Qc7 11. a3 Bxc3+ 12. Qxc3 O-O 13. cxd5 Qxc3+ 14. bxc3
Nxd5 15. c4 N5f6 16. c5 Ne4 17. Bh4 Ndf6 18. Rc1 Bd7 19. Bd3 Rac8 20. Ke2 Ba4
21. Bxf6 Nxf6 22. Na5 Rc7 23. Rb1 Rxc5 24. Nxb7 Rc3 25. Rhc1 Rxa3 26. Ra1 Rxa1
27. Rxa1 Bc6 28. Rxa7 Bxg2 29. Nd6 g5 30. f3 Bh3 31. Bc2 Ne8 32. Nc4 Ng7 33.
Rc7 Bf5 34. e4 Bg6 35. Rc5 h6 36. Ne5 Nh5 37. Kf2 Kg7 38. Rc7 Ra8 39. Nd3 Ra2
40. Ke3 Ra3 41. Kd4 Nf4 42. Nxf4 gxf4 43. Rc3 e5+ 44. Kc4 Rxc3+ 45. Kxc3 Bh5
46. Bd1 f5 47. exf5 e4 48. Kd2 Bxf3 49. Bxf3 exf3 50. Ke1 Kf6 51. Kf2 Kxf5 52.
Kxf3 Ke5 53. Kf2 Ke4 54. Ke2 f3+ 55. Kf2 Kf4 56. Kf1 Ke3 57. Ke1 Kf4 58. Kf2
Kg4 59. Kf1 Kf5 60. Kf2 Kf4 61. Kf1 Ke3 62. Ke1 h5 63. Kf1 f2 1/2-1/2

[Event "Lliga Catalana DH"]
[Site "?"]
[Date "2015.03.07"]
[Round "7.3"]
[White "Akbarinia, SA."]
[Black "Fernandez Diaz, C."]
[Result "0-1"]
[WhiteElo "2366"]
[BlackElo "2336"]
[PlyCount "78"]
[EventDate "2015.??.??"]
[EventType "team"]

1. d4 Nf6 2. Nf3 g6 3. g3 Bg7 4. Bg2 O-O 5. O-O d6 6. Re1 Nc6 7. e4 e5 8. h3
exd4 9. Nxd4 Bd7 10. Ne2 Re8 11. Nbc3 a5 12. g4 h5 13. g5 Nh7 14. f4 a4 15. Rb1
f6 16. h4 fxg5 17. hxg5 Bg4 18. Qd3 Kh8 19. Nd5 Qd7 20. Bd2 Ne7 21. c4 Nxd5 22.
cxd5 c5 23. Nc3 Re7 24. Nb5 Rf8 25. Rf1 Ref7 26. Kh2 h4 27. Rbc1 h3 28. Bh1
Nxg5 29. e5 dxe5 30. fxg5 e4 31. Bxe4 c4 32. Qxc4 Rf2+ 33. Kh1 Be2 34. Rxf2
Rxf2 35. Qc5 Qg4 36. Qxf2 Qxe4+ 37. Kh2 Be5+ 38. Bf4 Bxf4+ 39. Kxh3 Bg4+ 0-1

[Event "Lliga Catalana DH"]
[Site "?"]
[Date "2015.03.07"]
[Round "7.4"]
[White "Amores Gago, J."]
[Black "Dominguez Pons, E."]
[Result "1/2-1/2"]
[WhiteElo "2294"]
[BlackElo "2402"]
[PlyCount "87"]
[EventDate "2015.??.??"]
[EventType "team"]

1. e4 c6 2. d4 d5 3. f3 e6 4. Nc3 Bb4 5. a3 Ba5 6. b4 Bb6 7. Be3 Ne7 8. Qd2 O-O
9. Nge2 Nd7 10. Ng3 f5 11. exf5 Nxf5 12. Nxf5 exf5 13. Be2 Bc7 14. Bg5 Nf6 15.
O-O Be6 16. Bf4 Nh5 17. Be5 Bxe5 18. dxe5 f4 19. Na4 Qc7 20. Qd4 Rf5 21. Bd3
Qxe5 22. Qxe5 Rxe5 23. Rfe1 Re3 24. Nc5 Bc8 25. Rxe3 fxe3 26. Re1 b6 27. Nb3
Nf4 28. Rxe3 Nxd3 29. cxd3 Kf7 30. Kf2 Bd7 31. Re1 Rc8 32. g4 g6 33. h3 Rc7 34.
d4 Bc8 35. f4 Ba6 36. Kg3 Bd3 37. Re5 Re7 38. Nd2 Rxe5 39. fxe5 h6 40. h4 Ke6
41. Kf4 Be2 42. Nb1 Bf1 43. Nc3 Bd3 44. Nd1 1/2-1/2

[Event "Lliga Catalana DH"]
[Site "?"]
[Date "2015.03.07"]
[Round "7.5"]
[White "Delisau Gil, O."]
[Black "Montilla Carrillo, E."]
[Result "0-1"]
[WhiteElo "2316"]
[BlackElo "2295"]
[PlyCount "132"]
[EventDate "2015.??.??"]
[EventType "team"]

1. d4 d5 2. c4 e6 3. Nf3 c6 4. g3 f5 5. Bg2 Nf6 6. O-O Bd6 7. Nc3 O-O 8. Qc2
Qe8 9. c5 Bc7 10. b4 Ne4 11. Rb1 a6 12. a4 Nd7 13. Bf4 e5 14. dxe5 Nxe5 15.
Rfe1 Qe7 16. Qb3 Ng4 17. Bxc7 Qxc7 18. Rf1 Kh8 19. Rbd1 Qe7 20. Nxe4 fxe4 21.
Nd4 Bd7 22. f3 exf3 23. Rxf3 Rf6 24. Rxf6 Qxf6 25. Bf3 Re8 26. Bxg4 Bxg4 27.
Qd3 Rf8 28. Nf3 h6 29. Rf1 Bh3 30. Re1 Kg8 31. Qd4 Qf5 32. Qe5 Qf7 33. Qd4 g5
34. Nd2 Qf5 35. e4 dxe4 36. Qc4+ Kh7 37. Qxe4 Qxe4 38. Nxe4 Rf3 39. Nd6 Rb3 40.
Re4 Rb2 41. Nxb7 Rg2+ 42. Kf1 Ra2+ 43. Ke1 Rxa4 44. Na5 Bg2 45. Rd4 Bd5 46. Nb7
Kg6 47. h4 Kf6 48. Kf2 Ke5 49. Ke3 Ra3+ 50. Rd3 Ra1 51. hxg5 hxg5 52. Nd6 Rb1
53. Ra3 Rxb4 54. Rxa6 Rb3+ 55. Kf2 Rf3+ 56. Ke2 Rxg3 57. Ra4 Rc3 58. Nb7 Rb3
59. Nd6 Rg3 60. Rb4 g4 61. Rb8 Rc3 62. Nb7 Kd4 63. Rf8 Rb3 64. Nd6 Kxc5 65. Nf5
g3 66. Ne3 g2 0-1

[Event "Lliga Catalana DH"]
[Site "?"]
[Date "2015.03.07"]
[Round "7.7"]
[White "Castelltort Fernandez, A."]
[Black "Bals Hernandez, J."]
[Result "1-0"]
[WhiteElo "2365"]
[BlackElo "2264"]
[PlyCount "49"]
[EventDate "2015.??.??"]
[EventType "team"]

1. d4 Nf6 2. Nf3 e6 3. e3 c5 4. Bd3 d5 5. b3 cxd4 6. exd4 Nc6 7. O-O Bd6 8. Bb2
O-O 9. a3 b6 10. Nbd2 Bb7 11. Ne5 Ne7 12. Qe2 Rc8 13. f4 Rc7 14. Rf3 Ng6 15.
Nxg6 hxg6 16. Raf1 Qc8 17. Rh3 Ne4 18. c4 Nxd2 19. Qxd2 dxc4 20. bxc4 Ba6 21.
Qe1 Be7 22. d5 exd5 23. f5 dxc4 24. f6 gxf6 25. Bf5 1-0

[Event "Lliga Catalana DH"]
[Site "?"]
[Date "2015.03.07"]
[Round "7.8"]
[White "Garcia Marin, G."]
[Black "Subirats Ruiz, S."]
[Result "1-0"]
[WhiteElo "2215"]
[BlackElo "2283"]
[PlyCount "103"]
[EventDate "2015.??.??"]
[EventType "team"]

1. d4 e6 2. Nf3 Nf6 3. Bg5 c5 4. e3 d6 5. Nbd2 g6 6. c3 h6 7. Bh4 Bg7 8. Bd3
O-O 9. O-O Nc6 10. a4 cxd4 11. exd4 g5 12. Bg3 Ne8 13. Ne1 f5 14. f3 f4 15. Bf2
d5 16. Bc2 Nd6 17. Nd3 Nf5 18. Re1 b6 19. Nb3 Qc7 20. Qd2 Bd7 21. Kh1 Rac8 22.
a5 Ncxd4 23. axb6 axb6 24. Nxd4 Bxd4 25. Bxd4 Nxd4 26. Ne5 Nf5 27. Ng6 Rf7 28.
Bxf5 exf5 29. Ne7+ Kh7 30. Nxc8 Bxc8 31. Qd4 Qc5 32. Qe5 Qc7 33. Qxc7 Rxc7 34.
Re5 Rd7 35. Rae1 Kg6 36. Re6+ Kh5 37. Rxb6 d4 38. cxd4 Rxd4 39. Kg1 g4 40. Kf2
Rd2+ 41. Re2 g3+ 42. hxg3 fxg3+ 43. Ke3 Rd5 44. Kf4 Rd4+ 45. Kxg3 f4+ 46. Kf2
Rd5 47. b4 Bd7 48. Rc2 Kh4 49. Rxh6+ Kg5 50. Rb6 Kh4 51. Rb8 Bb5 52. Rh8+ 1-0

[Event "Lliga Catalana DH"]
[Site "?"]
[Date "2015.03.07"]
[Round "7.9"]
[White "Bautista Sanchez, J."]
[Black "Romero Perera, E."]
[Result "1-0"]
[WhiteElo "2306"]
[BlackElo "2164"]
[PlyCount "107"]
[EventDate "2015.??.??"]
[EventType "team"]

1. Nf3 d5 2. c4 e6 3. e3 c6 4. b3 f5 5. Bb2 Nf6 6. Be2 Be7 7. O-O O-O 8. d3
Nbd7 9. Nbd2 Bd6 10. Nd4 Qe7 11. cxd5 cxd5 12. Nb5 Nb8 13. Qc1 Re8 14. Nxd6
Qxd6 15. Nf3 Nc6 16. Ba3 Qd8 17. d4 Bd7 18. Qb2 Ne4 19. Rac1 Rc8 20. Nd2 Nxd2
21. Qxd2 Qa5 22. Qxa5 Nxa5 23. Bc5 Nc6 24. b4 a6 25. b5 axb5 26. Bxb5 Ra8 27.
a4 Rec8 28. Rb1 Be8 29. Rb2 g6 30. h4 h5 31. Kh2 Kf7 32. Kg3 Kg7 33. Kf4 Kf6
34. Bd6 Bd7 35. Ra1 Be8 36. Raa2 Ra7 37. Bc5 Raa8 38. f3 Kf7 39. e4 Na5 40.
exd5 exd5 41. Re2 Nc6 42. Rab2 Bd7 43. Bxc6 Bxc6 44. Re7+ Kg8 45. Kg5 Re8 46.
Kxg6 Rxe7 47. Bxe7 Rxa4 48. Bf6 b5 49. Kxf5 Kf7 50. Ke5 Rc4 51. g4 Rc3 52. Bg5
Rxf3 53. gxh5 Rf1 54. Kd6 1-0